|
|
|
|
| LEADER |
00000cam a2200000 a 4500 |
| 001 |
1/122406 |
| 008 |
201214s2020####gr a||||||||||||| ||gre|| |
| 020 |
|
|
|a 9786180017557
|
| 040 |
|
|
|a GR-MyUa
|b gre
|c GR-MyUa
|e AACR2
|
| 041 |
0 |
|
|a gre
|
| 082 |
7 |
|
|a 489.3
|2 (23)
|
| 100 |
1 |
|
|a Κακαρώνης, Γιάννης.
|
| 245 |
1 |
0 |
|a Λεξικό ιδιωματικού λόγου Άγρας Λέσβου /
|c Γιάννης Κακαρώνης.
|
| 260 |
|
|
|a Μυτιλήνη :
|b [χ.ό.],
|c 2020.
|
| 300 |
|
|
|a 94 σ. :
|b εικ. ;
|c 24 εκ.
|
| 650 |
|
0 |
|a Greek language, modern
|x Idioms
|z Lesbos Island (Greece)
|
| 852 |
|
|
|a INST
|b LESVOS
|e 20201214
|h 489.3 ΚΑΚ
|p 005100062173
|q 005100062173
|t BK
|y 0
|
| 920 |
|
|
|a Κακαρώνης
|b Γιάννης
|y Λέσβος
|z 2020-12
|
| 970 |
|
|
|a Καμάτσου
|b Δέσποινα
|z 14-12-2020
|